[Event "Xtracon GM"]
[Site "Borup"]
[Date "2010.09.11"]
[Round "8"]
[White "Doluhanova, Evgeniya"]
[Black "Antonsen, Mikkel"]
[Result "1-0"]
[WhiteElo "2259"]
[BlackElo "2471"]
[PlyCount "151"]
[EventDate "2010.09.03"]
[EventType "swiss"]
[EventRounds "9"]
[EventCountry "DEN"]
[Source "ChessBase"]
[SourceDate "2010.10.29"]

1. e4 e5 2. Nf3 Nc6 3. d4 exd4 4. Nxd4 Bc5 5. Be3 Qf6 6. c3 Nge7 7. g3 d5 8.
Bg2 Bxd4 9. cxd4 dxe4 10. Nc3 O-O 11. Nxe4 Qg6 12. O-O Nf5 13. Nc3 Nce7 14. Bf4
c6 15. d5 Bd7 16. d6 Nc8 17. Ne4 b6 18. Re1 Kh8 19. Rc1 Rb8 20. Bf3 Nh4 21. Bh5
Qf5 22. Ng5 Ng6 23. Bxg6 fxg6 24. Re5 Qf6 25. Ne4 Qf7 26. Ng5 Qg8 27. Qe2 Rf6
28. Rd1 h6 29. Ne4 Re6 30. Nc3 Rxe5 31. Qxe5 Rb7 32. Bxh6 Bg4 33. Rd4 Qe6 34.
Qxe6 Bxe6 35. Bf4 Rd7 36. a3 Kg8 37. Rd2 g5 38. Be5 g4 39. Ne2 Kf7 40. Nf4 Bf5
41. Nh5 c5 42. Nxg7 Bg6 43. h3 gxh3 44. Kh2 b5 45. f4 Ne7 46. Bc3 Nc6 47. f5
Bh7 48. Ne6 b4 49. Ng5+ Kg8 50. axb4 cxb4 51. Bf6 Bxf5 52. Rd5 Bg4 53. Rd2 Bf5
54. g4 Bxg4 55. Kg3 Bf5 56. Kf4 Bg6 57. Nxh3 Kf7 58. Kg5 b3 59. Rf2 Bc2 60.
Be7+ Kg7 61. Nf4 Nxe7 62. Nh5+ Kh8 63. Rf8+ Ng8 64. Nf6 Rg7+ 65. Kf4 Bh7 66. d7
Rxd7 67. Nxd7 Kg7 68. Ra8 Ne7 69. Rxa7 Nd5+ 70. Ke5 Nb4 71. Nf6+ Kg6 72. Rxh7
Nd3+ 73. Ke6 Nxb2 74. Rh3 Na4 75. Rg3+ Kh6 76. Kf7 1-0

[Event "Xtracon GM"]
[Site "Borup"]
[Date "2010.09.11"]
[Round "8"]
[White "Hoi, Carsten"]
[Black "Zdebskaja, Natalia"]
[Result "1/2-1/2"]
[WhiteElo "2419"]
[BlackElo "2357"]
[PlyCount "25"]
[EventDate "2010.09.03"]
[EventType "swiss"]
[EventRounds "9"]
[EventCountry "DEN"]
[Source "ChessBase"]
[SourceDate "2010.10.29"]

1. d4 Nf6 2. Nf3 d5 3. c4 e6 4. Nc3 Bb4 5. e3 c5 6. Bd2 O-O 7. cxd5 cxd4 8.
Nxd4 Nxd5 9. Rc1 Nxc3 10. Bxc3 Bxc3+ 11. Rxc3 e5 12. Nf3 Qe7 13. Be2 1/2-1/2

[Event "Xtracon GM"]
[Site "Borup"]
[Date "2010.09.11"]
[Round "8"]
[White "Hubka, Roland"]
[Black "Kokholm, Daniel"]
[Result "1-0"]
[WhiteElo "2048"]
[BlackElo "1951"]
[PlyCount "61"]
[EventDate "2010.09.03"]
[EventType "swiss"]
[EventRounds "9"]
[EventCountry "DEN"]
[Source "ChessBase"]
[SourceDate "2010.10.29"]

1. Nf3 Nf6 2. c4 d6 3. Nc3 g6 4. g3 Bg7 5. Bg2 O-O 6. O-O c6 7. Rb1 e5 8. d3
Nbd7 9. Bg5 h6 10. Bxf6 Bxf6 11. b4 Qc7 12. b5 Rb8 13. Nd2 Bg7 14. Qa4 Nc5 15.
Qxa7 Be6 16. bxc6 e4 17. Ndxe4 Nxe4 18. Nxe4 f5 19. Nd2 Ra8 20. Qxb7 Rfc8 21.
Qxc7 Rxc7 22. Rb7 Rcc8 23. c7 Rxa2 24. Rd1 Kf8 25. c5 d5 26. Rb8 Ke7 27. Bxd5
Rxc7 28. Bxa2 Bxa2 29. Rc1 Bd5 30. e3 Bc6 31. d4 1-0

[Event "Xtracon GM"]
[Site "Borup"]
[Date "2010.09.11"]
[Round "8"]
[White "Jensen, Soren Holm"]
[Black "Hansen, Jakob"]
[Result "1-0"]
[WhiteElo "2024"]
[BlackElo "1999"]
[PlyCount "109"]
[EventDate "2010.09.03"]
[EventType "swiss"]
[EventRounds "9"]
[EventCountry "DEN"]
[Source "ChessBase"]
[SourceDate "2010.10.29"]

1. e4 e6 2. d4 d5 3. Nd2 Nf6 4. e5 Nfd7 5. f4 f5 6. exf6 Nxf6 7. Bd3 c5 8. c3
Bd6 9. Ndf3 O-O 10. Ne2 Nbd7 11. O-O Qe7 12. Ng3 a6 13. a4 a5 14. Bd2 b6 15.
Re1 Nb8 16. Nf5 Qc7 17. Nxd6 Qxd6 18. Qe2 Re8 19. Qf2 Ba6 20. Bxa6 Nxa6 21. Re2
Ne4 22. Qh4 Qe7 23. Be1 Qxh4 24. Bxh4 g6 25. Rae1 Kf7 26. Ne5+ Kg7 27. Nd7 cxd4
28. cxd4 Nb4 29. Nxb6 Rab8 30. Nd7 Rbc8 31. Ne5 Nc6 32. Rd1 Nb4 33. Be1 Nd6 34.
b3 Nb7 35. Nd3 Nxd3 36. Rxd3 Rc1 37. Kf2 Kf6 38. Ree3 h6 39. Rc3 Rxc3 40. Rxc3
Nd6 41. Rc7 Ne4+ 42. Ke3 Rb8 43. Bxa5 Rxb3+ 44. Ke2 Rb2+ 45. Kf1 Rb1+ 46. Be1
Rd1 47. a5 Rxd4 48. a6 Nd6 49. Bc3 Nb5 50. Bxd4+ Nxd4 51. a7 Nb5 52. a8=Q Nxc7
53. Qd8+ Kf5 54. Qxc7 Ke4 55. Ke2 1-0

[Event "Xtracon GM"]
[Site "Borup"]
[Date "2010.09.11"]
[Round "8"]
[White "Johannsen, Kaj"]
[Black "Frisk, Ellinor"]
[Result "1/2-1/2"]
[WhiteElo "1981"]
[BlackElo "2113"]
[PlyCount "97"]
[EventDate "2010.09.03"]
[EventType "swiss"]
[EventRounds "9"]
[EventCountry "DEN"]
[Source "ChessBase"]
[SourceDate "2010.10.29"]

1. d4 d5 2. e3 Nf6 3. Nf3 Bf5 4. Bd3 Bxd3 5. Qxd3 c6 6. O-O e6 7. b3 Nbd7 8. c4
Be7 9. Ba3 Bxa3 10. Nxa3 O-O 11. Nd2 Qe7 12. Nc2 Rad8 13. e4 dxe4 14. Nxe4 Nxe4
15. Qxe4 Nf6 16. Qf3 Rd6 17. Rfe1 Rfd8 18. Re2 Ne8 19. Rae1 Qf6 20. Qe3 a6 21.
f4 g6 22. Qe5 Qh4 23. Re3 h5 24. Rh3 Qf6 25. Rhe3 R6d7 26. a4 Qg7 27. h3 Nf6
28. Qg5 Nh7 29. Qe5 Nf6 30. Qg5 Nh7 31. Qe5 h4 32. Re4 Nf6 33. R4e3 Nh5 34. Qg5
Ng3 35. Rd3 Nf5 36. Red1 Nxd4 37. Nxd4 Rxd4 38. Qxd8+ Rxd8 39. Rxd8+ Kh7 40.
R8d7 Qf6 41. Rxb7 Qxf4 42. Rf1 Qe3+ 43. Kh1 Kh6 44. Rbxf7 Qxb3 45. R1f4 Qd1+
46. Kh2 Qd6 47. Kh1 Qd1+ 48. Kh2 Qd6 49. Kh1 1/2-1/2

[Event "Xtracon GM"]
[Site "Borup"]
[Date "2010.09.11"]
[Round "8"]
[White "Krogh, Peter Ove"]
[Black "Pedersen, Hans Dahl"]
[Result "0-1"]
[WhiteElo "1922"]
[BlackElo "2206"]
[PlyCount "100"]
[EventDate "2010.09.03"]
[EventType "swiss"]
[EventRounds "9"]
[EventCountry "DEN"]
[Source "ChessBase"]
[SourceDate "2010.10.29"]

1. c4 c5 2. Nc3 e6 3. e4 a6 4. f4 Qc7 5. g3 Nc6 6. Bg2 d6 7. Nge2 Nf6 8. O-O
Be7 9. d3 O-O 10. h3 b6 11. g4 Bb7 12. Be3 Nd7 13. Ng3 Rab8 14. Rc1 Ba8 15.
Nce2 b5 16. b3 Qa5 17. Bd2 Qb6 18. Kh2 Nb4 19. Bxb4 cxb4 20. d4 a5 21. Qd3 bxc4
22. Rxc4 Bb7 23. Qc2 Rbc8 24. f5 e5 25. Rxc8 Rxc8 26. Qd2 exd4 27. g5 d3 28.
Nf4 Bxg5 29. Qd1 Ne5 30. Qh5 Bf6 31. Nd5 Bxd5 32. exd5 Nd7 33. Qf3 Be5 34. Kh1
Nf6 35. Rd1 Rc2 36. Rxd3 Rxa2 37. Rd1 Qf2 38. Rc1 h6 39. Ne4 Nxe4 40. Qxe4 Re2
41. Qf3 Qxf3 42. Bxf3 Re3 43. Kg2 Rxb3 44. Rc8+ Kh7 45. Bh5 g6 46. fxg6+ fxg6
47. Bg4 Rg3+ 48. Kf2 Rxg4 49. hxg4 b3 50. Ke2 b2 0-1

[Event "Xtracon GM"]
[Site "Borup"]
[Date "2010.09.11"]
[Round "8"]
[White "Kulaots, Kaido"]
[Black "Miezis, Normunds"]
[Result "1/2-1/2"]
[WhiteElo "2592"]
[BlackElo "2519"]
[PlyCount "113"]
[EventDate "2010.09.03"]
[EventType "swiss"]
[EventRounds "9"]
[EventCountry "DEN"]
[Source "ChessBase"]
[SourceDate "2010.10.29"]

1. e4 c5 2. Nf3 e6 3. d4 cxd4 4. Nxd4 a6 5. c4 Nf6 6. Nc3 Qc7 7. a3 Nc6 8. Be2
Be7 9. Be3 O-O 10. O-O d6 11. Rc1 Bd7 12. f4 Rac8 13. b4 Rfd8 14. Nb3 Be8 15.
Qe1 d5 16. e5 d4 17. exf6 Bxf6 18. Ne4 dxe3 19. Nxf6+ gxf6 20. Qg3+ Kf8 21.
Qxe3 Ne7 22. Nd4 Ba4 23. Bf3 Qd7 24. Ne2 Bc6 25. Bxc6 Rxc6 26. c5 Qd3 27. Qxd3
Rxd3 28. Rfd1 Rxd1+ 29. Rxd1 Ke8 30. Nc3 f5 31. Rd3 a5 32. Kf2 axb4 33. axb4 b6
34. cxb6 Rxb6 35. b5 Nc8 36. Ke3 Rb7 37. Rd4 Ke7 38. Kd3 Nb6 39. Kc2 Rd7 40.
Rxd7+ Kxd7 41. Kb3 f6 42. Kb4 Kd6 43. Na4 Nxa4 44. Kxa4 e5 45. Ka5 Kc7 46. fxe5
fxe5 47. Kb4 Kb6 48. Kc4 e4 49. g3 h5 50. h3 Kc7 51. Kd4 Kb7 52. Ke3 Kb6 53. g4
fxg4 54. hxg4 hxg4 55. Kxe4 Kxb5 56. Kf4 Kc5 57. Kxg4 1/2-1/2

[Event "Xtracon GM"]
[Site "Borup"]
[Date "2010.09.11"]
[Round "8"]
[White "Larsen, Bo Heine"]
[Black "Petersen, Nils"]
[Result "1/2-1/2"]
[WhiteElo "1804"]
[BlackElo "2067"]
[PlyCount "43"]
[EventDate "2010.09.03"]
[EventType "swiss"]
[EventRounds "9"]
[EventCountry "DEN"]
[Source "ChessBase"]
[SourceDate "2010.10.29"]

1. e4 c5 2. Na3 Nc6 3. Nf3 g6 4. c3 a6 5. d4 cxd4 6. Nxd4 Bg7 7. Be3 Nf6 8.
Nxc6 bxc6 9. f3 O-O 10. Be2 d6 11. Nc4 Rb8 12. Rb1 Qc7 13. O-O Rd8 14. Qa4 c5
15. b4 Nd7 16. Qa5 Rb7 17. Rfc1 Qxa5 18. Nxa5 Rc7 19. b5 axb5 20. Bxb5 Nb8 21.
a4 Bd7 22. Nc4 1/2-1/2

[Event "Xtracon GM"]
[Site "Borup"]
[Date "2010.09.11"]
[Round "8"]
[White "Mathiesen, Erik"]
[Black "Nielsen, Morten"]
[Result "0-1"]
[WhiteElo "2040"]
[BlackElo "1935"]
[PlyCount "30"]
[EventDate "2010.09.03"]
[EventType "swiss"]
[EventRounds "9"]
[EventCountry "DEN"]
[Source "ChessBase"]
[SourceDate "2010.10.29"]

1. e4 Nf6 2. Nc3 Nc6 3. Bc4 e6 4. d3 d5 5. exd5 exd5 6. Bb5 d4 7. Qe2+ Be7 8.
Bxc6+ bxc6 9. Ne4 O-O 10. Bd2 Re8 11. f3 Nd5 12. O-O-O f5 13. c4 dxc3 14. Nxc3
Nxc3 15. bxc3 Ba3+ 0-1

[Event "Xtracon GM"]
[Site "Borup"]
[Date "2010.09.11"]
[Round "8"]
[White "Molvig, Julius"]
[Black "Brondum, Eric"]
[Result "1/2-1/2"]
[WhiteElo "1801"]
[BlackElo "2105"]
[PlyCount "121"]
[EventDate "2010.09.03"]
[EventType "swiss"]
[EventRounds "9"]
[EventCountry "DEN"]
[Source "ChessBase"]
[SourceDate "2010.10.29"]

1. d4 Nf6 2. c4 e5 3. dxe5 Ng4 4. Nf3 Bc5 5. e3 Nc6 6. Nc3 Ngxe5 7. Be2 d6 8.
O-O O-O 9. b3 Re8 10. Bb2 Nxf3+ 11. Bxf3 Ne5 12. Be2 Bd7 13. Qc2 Qh4 14. Nd5
Bb6 15. Qc3 f6 16. b4 Bg4 17. Bxg4 Nxg4 18. h3 Ne5 19. c5 dxc5 20. bxc5 c6 21.
Nxb6 axb6 22. Qb3+ Kh8 23. Qxb6 Nd7 24. Qxb7 Nxc5 25. Qxc6 Rac8 26. Qf3 Ne4 27.
Qe2 h6 28. Rac1 Ra8 29. Bd4 Ng3 30. fxg3 Qxd4 31. Rf3 Qa7 32. Rc2 Re4 33. Kh2
Ra4 34. Rf2 Re4 35. Rc3 Ra4 36. Qc2 Rxa2 37. Rc8+ Rxc8 38. Qxc8+ Kh7 39. Rxa2
Qxa2 40. Qf5+ Kh8 41. e4 Qb2 42. h4 Qc3 43. Qf3 Qb2 44. Qd3 Qa1 45. Qc2 Qd4 46.
g4 Qe5+ 47. g3 Qa1 48. Qc8+ Kh7 49. Qf5+ Kh8 50. g5 hxg5 51. hxg5 Qb2+ 52. Kh3
Qa1 53. gxf6 gxf6 54. Qg6 Qb2 55. Kg4 Qc3 56. Kf5 Qc8+ 57. Kxf6 Qc3+ 58. Kf5
Qe5+ 59. Kg4 Qxg3+ 60. Kh5 Qh4+ 61. Kxh4 1/2-1/2

[Event "Xtracon GM"]
[Site "Borup"]
[Date "2010.09.11"]
[Round "8"]
[White "Pedersen, Sven"]
[Black "Molvig, Henrik"]
[Result "1/2-1/2"]
[WhiteElo "2106"]
[BlackElo "2174"]
[PlyCount "54"]
[EventDate "2010.09.03"]
[EventType "swiss"]
[EventRounds "9"]
[EventCountry "DEN"]
[Source "ChessBase"]
[SourceDate "2010.10.29"]

1. e4 c5 2. Nf3 d6 3. d4 cxd4 4. Nxd4 Nf6 5. Nc3 a6 6. h3 g6 7. Bc4 Bg7 8. Bb3
O-O 9. O-O Nbd7 10. Nde2 Nc5 11. Ng3 b5 12. Be3 Nxb3 13. axb3 Bb7 14. Qd2 Qc7
15. Bd4 Rac8 16. Rac1 e6 17. Rfe1 Qc6 18. f3 e5 19. Be3 d5 20. Nxd5 Nxd5 21.
exd5 Qxd5 22. Qxd5 Bxd5 23. Red1 Rfd8 24. Ne4 Bxe4 25. fxe4 f5 26. Rxd8+ Rxd8
27. c4 Rc8 1/2-1/2

[Event "Xtracon GM"]
[Site "Borup"]
[Date "2010.09.11"]
[Round "8"]
[White "Preuss, Flemming"]
[Black "Jensen, Stein"]
[Result "1-0"]
[WhiteElo "2034"]
[BlackElo "2063"]
[PlyCount "63"]
[EventDate "2010.09.03"]
[EventType "swiss"]
[EventRounds "9"]
[EventCountry "DEN"]
[Source "ChessBase"]
[SourceDate "2010.10.29"]

1. f4 g6 2. Nf3 Bg7 3. d3 d6 4. g3 c6 5. Bg2 Qb6 6. c3 Nf6 7. e4 Bg4 8. Qe2 O-O
9. Na3 Nbd7 10. Be3 Qa6 11. h3 Bxf3 12. Bxf3 Nc5 13. Rd1 Nfd7 14. d4 Qxe2+ 15.
Kxe2 Na6 16. g4 e6 17. g5 Rfd8 18. Bg4 d5 19. f5 exf5 20. exf5 Bf8 21. b4 Bd6
22. Rhf1 Re8 23. fxg6 Re7 24. Rxf7 Nf8 25. Rxe7 Bxe7 26. gxh7+ Kxh7 27. Rf1 Kg7
28. h4 Re8 29. Kd3 Nc7 30. h5 Nce6 31. h6+ Kh8 32. Bh5 1-0

[Event "Xtracon GM"]
[Site "Borup"]
[Date "2010.09.11"]
[Round "8"]
[White "Rostgaard, Tobias Valentin"]
[Black "Sylvan, Jacob"]
[Result "0-1"]
[WhiteElo "2114"]
[BlackElo "2238"]
[PlyCount "139"]
[EventDate "2010.09.03"]
[EventType "swiss"]
[EventRounds "9"]
[EventCountry "DEN"]
[Source "ChessBase"]
[SourceDate "2010.10.29"]

1. d4 d5 2. c4 e6 3. Nf3 c6 4. g3 Nf6 5. Bg2 Be7 6. O-O O-O 7. Nbd2 Nbd7 8. Qc2
b6 9. e4 Bb7 10. e5 Ne8 11. b3 g6 12. h4 Ng7 13. Rd1 Rc8 14. Bb2 c5 15. dxc5
Nxc5 16. Nf1 Qc7 17. cxd5 Bxd5 18. Ne3 Be4 19. Qe2 Nf5 20. Nxf5 gxf5 21. Nd4
Qb7 22. f3 Bd5 23. Rac1 a6 24. Qe3 Rfd8 25. Kh2 Bf8 26. Qg5+ Bg7 27. h5 h6 28.
Qe3 Nd7 29. Ne2 Rxc1 30. Rxc1 Rc8 31. Rxc8+ Qxc8 32. Nf4 Bb7 33. Qe2 Qc5 34.
Nd3 Qd5 35. f4 Qxg2+ 36. Qxg2 Bxg2 37. Kxg2 Bf8 38. b4 Nb8 39. Kf3 Nc6 40. a3
b5 41. g4 fxg4+ 42. Kxg4 a5 43. Bc3 axb4 44. axb4 Ne7 45. Bd2 f5+ 46. Kf3 Nd5
47. Ke2 Kf7 48. Kd1 Ke8 49. Kc2 Kd7 50. Kb3 Kc6 51. Bc1 Nc7 52. Nc5 Bxc5 53.
bxc5 Na6 54. Ba3 Nxc5+ 55. Kc2 Ne4 56. Bf8 Ng3 57. Kd3 Nxh5 58. Bxh6 Kd5 59.
Bg5 b4 60. Bh6 b3 61. Kc3 Ke4 62. Kxb3 Nxf4 63. Bg7 Nd3 64. Kc3 Nxe5 65. Kd2
Ng4 66. Ke2 f4 67. Bf8 e5 68. Bc5 Kf5 69. Kf1 e4 70. Bb6 0-1

[Event "Xtracon GM"]
[Site "Borup"]
[Date "2010.09.11"]
[Round "8"]
[White "Schandorff, Lars"]
[Black "Hillarp Persson, Tiger"]
[Result "0-1"]
[WhiteElo "2492"]
[BlackElo "2517"]
[PlyCount "126"]
[EventDate "2010.09.03"]
[EventType "swiss"]
[EventRounds "9"]
[EventCountry "DEN"]
[Source "ChessBase"]
[SourceDate "2010.10.29"]

1. Nf3 d5 2. d4 Nf6 3. c4 c6 4. Qc2 g6 5. Bf4 Bg7 6. e3 O-O 7. Nc3 c5 8. dxc5
Qa5 9. Rd1 dxc4 10. Bxc4 Qxc5 11. Qb3 Nc6 12. Ng5 e6 13. Qb5 Qxb5 14. Bxb5 h6
15. Nf3 Bd7 16. O-O Rfd8 17. h3 Be8 18. e4 a6 19. Be2 b5 20. a3 Nd7 21. Be3
Rdc8 22. Rfe1 Nce5 23. Nxe5 Nxe5 24. Bd4 g5 25. g3 Rab8 26. f4 Nc4 27. Bxc4
Rxc4 28. Bxg7 Kxg7 29. Rd2 gxf4 30. gxf4 Bc6 31. Re3 b4 32. axb4 Rcxb4 33. Ree2
a5 34. Kf2 a4 35. Rc2 Rc4 36. Re3 Rbb4 37. Rce2 Rb3 38. Rc2 Kf6 39. Kg3 Rcb4
40. e5+ Kg6 41. Nd1 Bd5 42. Rce2 Re4 43. Nc3 Rxe3+ 44. Rxe3 Rxb2 45. Nxa4 Rg2+
46. Kh4 Kf5 47. Rg3 Kxf4 48. Ra3 Kxe5 49. Nc5 Kd4 50. Nd7 Ra2 51. Rg3 f5 52.
Rg6 Ra7 53. Nf6 Ke5 54. Rxh6 Rg7 55. Nh5 Rf7 56. Kg5 f4 57. Nf6 f3 58. Ng4+ Kd4
59. Rf6 Rxf6 60. Kxf6 e5 61. h4 e4 62. h5 e3 63. h6 Be4 0-1

[Event "Xtracon GM"]
[Site "Borup"]
[Date "2010.09.11"]
[Round "8"]
[White "Schmidt, Horst Hubert"]
[Black "Christensen, Henrik"]
[Result "0-1"]
[WhiteElo "1869"]
[BlackElo "2014"]
[PlyCount "126"]
[EventDate "2010.09.03"]
[EventType "swiss"]
[EventRounds "9"]
[EventCountry "DEN"]
[Source "ChessBase"]
[SourceDate "2010.10.29"]

1. e4 c6 2. d4 d5 3. Bd3 dxe4 4. Bxe4 Nf6 5. Bf3 Bf5 6. Ne2 e6 7. Ng3 Bg6 8.
O-O Bd6 9. Bg5 Nbd7 10. c4 Qa5 11. Bd2 Qc7 12. Nc3 O-O 13. Rc1 Rfe8 14. d5 e5
15. Nce4 Nxe4 16. Bxe4 Nf6 17. Bxg6 hxg6 18. c5 Bf8 19. d6 Qd7 20. b4 Qe6 21.
a4 Qa2 22. Bg5 Nd7 23. Qg4 Qe6 24. Qe2 Qb3 25. Qg4 Re6 26. Ra1 b6 27. Rfb1 Qd5
28. Rd1 Qb3 29. Qe4 Rc8 30. Be3 f5 31. Nxf5 gxf5 32. Qxf5 Rd8 33. Qe4 bxc5 34.
bxc5 Qb7 35. Qc4 Rde8 36. Rab1 Qc8 37. Rb3 Nf6 38. Bg5 Nd5 39. Rdb1 Bxd6 40.
cxd6 Rxd6 41. Be7 Rd7 42. Rb8 Qxb8 43. Rxb8 Rxb8 44. h4 Rxe7 45. Qxc6 Nf6 46.
g4 Rbe8 47. g5 Nh5 48. Qc4+ Kh8 49. Qe4 Nf4 50. Kh2 Re6 51. Kg3 g6 52. f3 Kh7
53. Kg4 R6e7 54. a5 Rf8 55. a6 Rf5 56. Qc6 Ref7 57. Qe8 Nh5 58. Qb8 Rf4+ 59.
Kh3 Rxf3+ 60. Kg2 e4 61. Qa8 Rf2+ 62. Kg1 e3 63. Qe4 e2 0-1

[Event "Xtracon GM"]
[Site "Borup"]
[Date "2010.09.11"]
[Round "8"]
[White "Semcesen, Daniel"]
[Black "Sulskis, Sarunas"]
[Result "1/2-1/2"]
[WhiteElo "2416"]
[BlackElo "2544"]
[PlyCount "23"]
[EventDate "2010.09.03"]
[EventType "swiss"]
[EventRounds "9"]
[EventCountry "DEN"]
[Source "ChessBase"]
[SourceDate "2010.10.29"]

1. d4 Nf6 2. Nf3 e6 3. c4 d5 4. Nc3 c6 5. cxd5 exd5 6. Qc2 g6 7. Bg5 Be7 8. e4
Nxe4 9. Bxe7 Kxe7 10. Nxe4 dxe4 11. Qxe4+ Kf8 12. Bc4 1/2-1/2

[Event "Xtracon GM"]
[Site "Borup"]
[Date "2010.09.11"]
[Round "8"]
[White "Skytte, Rasmus"]
[Black "Vovk, Oksana"]
[Result "1/2-1/2"]
[WhiteElo "2400"]
[BlackElo "2157"]
[PlyCount "33"]
[EventDate "2010.09.03"]
[EventType "swiss"]
[EventRounds "9"]
[EventCountry "DEN"]
[Source "ChessBase"]
[SourceDate "2010.10.29"]

1. Nf3 Nf6 2. c4 e6 3. g3 d5 4. Bg2 Be7 5. O-O O-O 6. b3 b6 7. Bb2 Bb7 8. cxd5
Bxd5 9. Nc3 Bb7 10. d4 Nbd7 11. Qc2 c5 12. dxc5 Bxc5 13. Rad1 Rc8 14. Qb1 Qe7
15. Qa1 Rfd8 16. a3 a6 17. Rd2 1/2-1/2

[Event "Xtracon GM"]
[Site "Borup"]
[Date "2010.09.11"]
[Round "8"]
[White "Smith, Axel"]
[Black "Hvenekilde, Jorgen"]
[Result "1/2-1/2"]
[WhiteElo "2445"]
[BlackElo "2107"]
[PlyCount "49"]
[EventDate "2010.09.03"]
[EventType "swiss"]
[EventRounds "9"]
[EventCountry "DEN"]
[Source "ChessBase"]
[SourceDate "2010.10.29"]

1. e4 g6 2. d4 Bg7 3. Nc3 d6 4. f4 e6 5. Nf3 Ne7 6. Be3 Nd7 7. Qd2 a6 8. Bd3 b6
9. O-O-O Bb7 10. g4 c5 11. Rhf1 h6 12. Qe1 Qc7 13. d5 exd5 14. Nxd5 Nxd5 15.
exd5 O-O-O 16. c4 Rde8 17. Rd2 b5 18. Qf2 bxc4 19. Bxc4 Nf6 20. Qg1 Re4 21. Rc2
Rhe8 22. Ne5 Kb8 23. Bd3 Rxe3 24. Qxe3 Nxd5 25. Qd2 1/2-1/2

[Event "Xtracon GM"]
[Site "Borup"]
[Date "2010.09.11"]
[Round "8"]
[White "Thomsen, Peter"]
[Black "Wilton, Lars"]
[Result "1/2-1/2"]
[WhiteElo "1930"]
[BlackElo "2136"]
[PlyCount "50"]
[EventDate "2010.09.03"]
[EventType "swiss"]
[EventRounds "9"]
[EventCountry "DEN"]
[Source "ChessBase"]
[SourceDate "2010.10.29"]

1. e4 d5 2. exd5 Nf6 3. Nf3 g6 4. Bb5+ Nbd7 5. c4 Bg7 6. Nc3 O-O 7. O-O Nb6 8.
d3 a6 9. Ba4 h6 10. Bc2 e6 11. dxe6 Bxe6 12. h3 c5 13. Be3 Qc7 14. Qc1 Kh7 15.
Bf4 Qc8 16. a4 Nbd7 17. Ra3 Rd8 18. Ne2 Qc6 19. Ne5 Nxe5 20. Bxe5 b5 21. axb5
axb5 22. cxb5 Qxb5 23. Nc3 Qb4 24. Rxa8 Rxa8 25. Re1 Ra6 1/2-1/2

[Event "Xtracon GM"]
[Site "Borup"]
[Date "2010.09.11"]
[Round "8"]
[White "Tikkanen, Hans"]
[Black "Drozdovskij, Yuri"]
[Result "1/2-1/2"]
[WhiteElo "2507"]
[BlackElo "2608"]
[PlyCount "21"]
[EventDate "2010.09.03"]
[EventType "swiss"]
[EventRounds "9"]
[EventCountry "DEN"]
[Source "ChessBase"]
[SourceDate "2010.10.29"]

1. d4 d5 2. c4 e6 3. Nc3 c6 4. cxd5 exd5 5. Bf4 Bd6 6. Bxd6 Qxd6 7. e3 Bf5 8.
Bd3 Bxd3 9. Qxd3 Nf6 10. Nge2 O-O 11. O-O 1/2-1/2

[Event "Xtracon GM"]
[Site "Borup"]
[Date "2010.09.11"]
[Round "8"]
[White "Wiecker, Stefan"]
[Black "Teplyi, Igor"]
[Result "0-1"]
[WhiteElo "2157"]
[BlackElo "2408"]
[PlyCount "46"]
[EventDate "2010.09.03"]
[EventType "swiss"]
[EventRounds "9"]
[EventCountry "DEN"]
[Source "ChessBase"]
[SourceDate "2010.10.29"]

1. e4 c5 2. Nf3 d6 3. Nc3 Nf6 4. d4 cxd4 5. Nxd4 a6 6. Bc4 e6 7. Bb3 Nc6 8. O-O
Be7 9. Kh1 O-O 10. f4 Na5 11. f5 Nxb3 12. axb3 Bd7 13. Qd3 b5 14. b4 a5 15.
fxe6 fxe6 16. Bg5 axb4 17. Rxa8 Qxa8 18. Ncxb5 Qxe4 19. Bxf6 Qxd3 20. cxd3 Bxf6
21. Rc1 e5 22. Nc6 Bg5 23. Rc2 Rf1# 0-1

[Event "Xtracon GM"]
[Site "Borup"]
[Date "2010.09.12"]
[Round "9"]
[White "Ambirk, Jan"]
[Black "Rostgaard, Tobias Valentin"]
[Result "0-1"]
[WhiteElo "2136"]
[BlackElo "2114"]
[PlyCount "82"]
[EventDate "2010.09.03"]
[EventType "swiss"]
[EventRounds "9"]
[EventCountry "DEN"]
[Source "ChessBase"]
[SourceDate "2010.10.29"]

1. e4 c6 2. d4 d5 3. Nc3 dxe4 4. Nxe4 Bf5 5. Ng3 Bg6 6. Nf3 Nd7 7. h4 h6 8. Bd3
Bxd3 9. Qxd3 e6 10. Bd2 Ngf6 11. O-O-O Bd6 12. Ne4 Nxe4 13. Qxe4 Qc7 14. g3
O-O-O 15. Rhe1 c5 16. Qe2 Kb8 17. Kb1 c4 18. Ne5 Bxe5 19. dxe5 Nb6 20. Ba5 Qc5
21. Bxb6 axb6 22. c3 Qb5 23. f4 Rd3 24. Rxd3 cxd3 25. Qe3 h5 26. Qd4 Kc7 27.
Qd6+ Kc8 28. Qa3 Rd8 29. Qb3 Qxb3 30. axb3 d2 31. Rd1 Rd3 32. Kc2 Rxg3 33. Rxd2
Rh3 34. Rf2 g6 35. Kd2 Rxh4 36. Ke3 Rh1 37. Kf3 Rd1 38. Kg3 Kd7 39. Kh4 Ke7 40.
Rg2 f6 41. Rxg6 Rh1+ 0-1

[Event "Xtracon GM"]
[Site "Borup"]
[Date "2010.09.12"]
[Round "9"]
[White "Andersen, Niels Erik"]
[Black "Andersen, Morten"]
[Result "1/2-1/2"]
[WhiteElo "1955"]
[BlackElo "2179"]
[PlyCount "102"]
[EventDate "2010.09.03"]
[EventType "swiss"]
[EventRounds "9"]
[EventCountry "DEN"]
[Source "ChessBase"]
[SourceDate "2010.10.29"]

1. d4 Nf6 2. c4 g6 3. Nf3 Bg7 4. g3 d5 5. Bg2 dxc4 6. Qa4+ Nfd7 7. O-O Nc6 8.
Qxc4 Nb6 9. Qc2 O-O 10. Rd1 Bf5 11. e4 Bg4 12. d5 Bxf3 13. Bxf3 Nd4 14. Qd3 e5
15. Bg2 f5 16. Nc3 fxe4 17. Bxe4 Qe7 18. Be3 Rad8 19. Qf1 Kh8 20. Rac1 Qb4 21.
b3 Rd7 22. Kh1 a6 23. Qg2 Nc8 24. Bxg6 Bf6 25. Qh3 Qe7 26. Ne4 Qg7 27. Nxf6
Rxf6 28. Bb1 Nd6 29. Rxd4 exd4 30. Bxd4 Ne8 31. Re1 Re7 32. Rxe7 Qxe7 33. Qf5
Kg8 34. Bxf6 Nxf6 35. Bd3 Kf7 36. g4 Qd6 37. Kg1 h6 38. h4 Ke7 39. g5 hxg5 40.
hxg5 Nxd5 41. g6 Qe6 42. Qg5+ Kd6 43. Bc4 Qe1+ 44. Kg2 Qe4+ 45. Kh2 Nf4 46. g7
Qf3 47. Qf6+ Kc5 48. Qg5+ Kb6 49. Qg3 Qh5+ 50. Kg1 Qd1+ 51. Kh2 Qh5+ 1/2-1/2

[Event "Xtracon GM"]
[Site "Borup"]
[Date "2010.09.12"]
[Round "9"]
[White "Antonsen, Mikkel"]
[Black "Wiecker, Stefan"]
[Result "1-0"]
[WhiteElo "2471"]
[BlackElo "2157"]
[PlyCount "66"]
[EventDate "2010.09.03"]
[EventType "swiss"]
[EventRounds "9"]
[EventCountry "DEN"]
[Source "ChessBase"]
[SourceDate "2010.10.29"]

1. d4 Nf6 2. Nf3 g6 3. Bf4 Bg7 4. c3 O-O 5. h3 d6 6. e3 c5 7. Nbd2 Nc6 8. Be2
Re8 9. Bh2 cxd4 10. cxd4 e5 11. O-O exd4 12. exd4 d5 13. Bb5 Qb6 14. Bxc6 Qxc6
15. Nb3 Bf5 16. Rc1 Qa4 17. a3 b6 18. Nbd2 Qxd1 19. Rfxd1 Rac8 20. Be5 h6 21.
Nf1 g5 22. Ne3 Be6 23. h4 g4 24. Ne1 Ne4 25. Bxg7 Kxg7 26. Nd3 g3 27. f3 Nd6
28. Nf4 Rxc1 29. Rxc1 Nb5 30. Rd1 Rd8 31. Nh5+ Kg6 32. Nxg3 Rf8 33. Ne2 f5 1-0

[Event "Xtracon GM"]
[Site "Borup"]
[Date "2010.09.12"]
[Round "9"]
[White "Baekgaard, Martin"]
[Black "Pedersen, Sven"]
[Result "1-0"]
[WhiteElo "2276"]
[BlackElo "2106"]
[PlyCount "59"]
[EventDate "2010.09.03"]
[EventType "swiss"]
[EventRounds "9"]
[EventCountry "DEN"]
[Source "ChessBase"]
[SourceDate "2010.10.29"]

1. d4 d5 2. c4 c6 3. Nf3 Nf6 4. Qb3 e6 5. Bg5 h6 6. Bh4 Qa5+ 7. Nc3 Ne4 8. e3
Qb4 9. Qc2 Nd7 10. Bd3 f5 11. O-O Bd6 12. a3 Qa5 13. b4 Qc7 14. Rfc1 Nxc3 15.
Qxc3 dxc4 16. Bxc4 Nb6 17. Bg3 O-O 18. Bxd6 Qxd6 19. Ne5 Bd7 20. Bb3 Rfd8 21.
Qc5 Be8 22. Nd3 Nd5 23. g3 Kf7 24. Rcb1 Kf6 25. Qxd6 Rxd6 26. Nc5 Rb8 27. e4
fxe4 28. Nxe4+ Ke7 29. Nxd6 Kxd6 30. Re1 1-0